Central Library OPAC University of Rajshahi
Normal view MARC view

Entry Personal Name

Number of records used in: 3

001 - CONTROL NUMBER

  • control field: 961

003 - CONTROL NUMBER IDENTIFIER

  • control field: BD-RjUL

005 - DATE AND TIME OF LATEST TRANSACTION

  • control field: 20220130104557.0

008 - FIXED-LENGTH DATA ELEMENTS

  • fixed length control field: 220130|| aca||aabn | a|a d

040 ## - CATALOGING SOURCE

  • Original cataloging agency: BD-RjUL
  • Transcribing agency: BD-RjUL

100 ## - HEADING--PERSONAL NAME

  • Personal name: খাঁ, মোহাম্মদ আকরম
  • Dates associated with a name: --১৮৬৮-১৯৬৮
  • General subdivision: কুরআন
  • General subdivision: সমালোচনা,ব্যাখ্যা ইত্যাদি

670 ## - SOURCE DATA FOUND

  • Source citation: Work cat.: (BD-RjUL)79270: ইসলাম, মোঃ সাদরুল 958, মাওলানা মোহাম্মদ আকরম খাঁ :, ২০১৫